|
|
|
|
| LEADER |
00000nam a2200000 i 4500 |
| 001 |
ELB131621 |
| 003 |
FINmELB |
| 005 |
20200820162738.0 |
| 006 |
m o u |
| 007 |
cr cn||||||||| |
| 008 |
130305s2013 flua ob 001 0 eng d |
| 020 |
|
|
|a 9780203487327
|q (e-book)
|
| 035 |
|
|
|a (OCoLC)842885263
|
| 040 |
|
|
|a FINmELB
|b eng
|e rda
|c FINmELB
|
| 050 |
|
4 |
|a QA8.4
|b .L56 2013
|
| 082 |
0 |
4 |
|a 510.1/9
|2 23
|
| 100 |
1 |
|
|a Lin, Yi,
|d 1959-
|
| 245 |
1 |
2 |
|a A systemic perspective on cognition and mathematics /
|c Jeffrey Yi-Lin Forrest.
|
| 264 |
|
1 |
|a Boca Raton, Fla. :
|b CRC Press,
|c 2013.
|
| 300 |
|
|
|a 1 online resource (xxv, 406 pages) :
|b illustration
|
| 336 |
|
|
|a text
|b txt
|2 rdacontent
|
| 337 |
|
|
|a computer
|b c
|2 rdamedia
|
| 338 |
|
|
|a online resource
|b cr
|2 rdacarrier
|
| 490 |
1 |
|
|a Communications in cybernetics, systems science and engineering (CCSSE),
|x 2164-9693 ;
|v v. 1
|
| 500 |
|
|
|a "Balkema book."
|
| 504 |
|
|
|a Includes bibliographical references and index.
|
| 505 |
0 |
|
|a pt. 1. Basics -- pt. 2. The mind -- pt. 3. Mathematics seen as a systemic flow : a case study -- pt. 4. Next stage of mathematics as a systemic field of thought -- pt. 5. Appendices : a close look at the systemic yoyo model.
|
| 588 |
|
|
|a Description based on metadata supplied by the publisher and other sources.
|
| 590 |
|
|
|a Electronic reproduction. Santa Fe, Arg.: elibro, 2020. Available via World Wide Web. Access may be limited to eLibro affiliated libraries.
|
| 650 |
|
0 |
|a Mathematics
|x Philosophy.
|
| 650 |
|
0 |
|a Cognition.
|
| 650 |
|
0 |
|a System theory.
|
| 650 |
|
0 |
|a Mathematics
|x Psychological aspects.
|
| 650 |
|
0 |
|a Mathematics
|x History.
|
| 655 |
|
4 |
|a Electronic books.
|
| 797 |
2 |
|
|a elibro, Corp.
|
| 830 |
|
0 |
|a Communications in cybernetics, systems science and engineering ;
|v v. 1.
|
| 856 |
4 |
0 |
|u https://elibro.uam.elogim.com/ereader/bidiuam/131621
|z Texto completo
|
| 950 |
|
|
|a eLibro English
|